Coherent and nonlinear lightwave communications /

Bibliographic Details
Main Author: Cvijetic, Milorad
Format: Book
Language:English
Published: Boston : Artech House, [1996]
Series:Artech House optoelectronics library.
Subjects:

MARC

Tag First Indicator Second Indicator Subfields
LEADER 00000cam a2200000 a 4500
001 in00001311321
005 20151005060757.0
008 951201s1996 maua b 001 0 eng
010 |a  95049986  
020 |a 089006590X (alk. paper) 
035 |a (OCoLC)33947802 
035 |9 AHB3218AM 
040 |a DLC  |c DLC  |d TXA  |d UtOrBLW 
049 |a TXAM  
050 0 0 |a TK5103.59  |b .C76 1996 
082 0 0 |a 621.382/7  |2 20 
100 1 |a Cvijetic, Milorad. 
245 1 0 |a Coherent and nonlinear lightwave communications /  |c Milorad Cvijetic. 
264 1 |a Boston :  |b Artech House,  |c [1996] 
264 4 |c ©1996 
300 |a xi, 304 pages :  |b illustrations ;  |c 24 cm. 
336 |a text  |b txt  |2 rdacontent 
337 |a unmediated  |b n  |2 rdamedia 
338 |a volume  |b nc  |2 rdacarrier 
490 1 |a Artech House Optoelectronics Library 
504 |a Includes bibliographical references and index. 
650 0 |a Optical communications. 
650 0 |a Laser communication systems. 
650 0 |a Nonlinear optics. 
830 0 |a Artech House optoelectronics library. 
999 |a MARS 
999 f f |s 9ca7ff67-2c2e-37f8-a8f9-f4be17a144a5  |i 2adf4ae7-75ac-36f4-bf3a-8f257d8ef1ae  |t 0 
952 f f |p ric  |a Texas A&M University  |b Rellis Campus  |c Joint Library Facility  |d Remote Storage  |t 0  |e TK5103.59 .C76 1996  |h Library of Congress classification  |i unmediated -- volume  |m A14820144960 
998 f f |a TK5103.59 .C76 1996  |t 0  |l Remote Storage